<The> Intensity of foreign trade between Slovakia and Russia in the current period
Nedávny a súčasný vývoj zahranično-obchodných vzťahov medzi Slovenskom a Ruskom. Analýza ich vzájomného zahraničného obchodu s tovarom na základe indexu intenzity obchodu (trade intensity index, TTI). Nové perspektívne možnosti prehĺbenia vzájomných obchodných vzťahov v súčasnom období.
Salvato in:
| Autore principale: | |
|---|---|
| Altri autori: | |
| Natura: | Capitolo di libro |
| Lingua: | inglese |
| Soggetti: | |
| Tags: |
Nessun Tag, puoi essere il primo ad aggiungerne!!
|
MARC
| LEADER | 00000nla a2200000 4500 | ||
|---|---|---|---|
| 001 | 0239855 | ||
| 005 | 20240502073905.3 | ||
| 041 | 0 | |a eng | |
| 044 | |a SK | ||
| 245 | 1 | 0 | |a <The> Intensity of foreign trade between Slovakia and Russia in the current period |c Elena Kastakova, Matus Zatko |
| 520 | |a Nedávny a súčasný vývoj zahranično-obchodných vzťahov medzi Slovenskom a Ruskom. Analýza ich vzájomného zahraničného obchodu s tovarom na základe indexu intenzity obchodu (trade intensity index, TTI). Nové perspektívne možnosti prehĺbenia vzájomných obchodných vzťahov v súčasnom období. | ||
| 610 | 2 | 0 | |a globalizácia |
| 610 | 2 | 0 | |a hospodárstvo svetové |
| 610 | 2 | 0 | |a obchod zahraničný |
| 610 | 2 | 0 | |a vzťahy obchodné |
| 610 | 2 | 0 | |a vzťahy zahraničné |
| 610 | 2 | 0 | |a spolupráca medzinárodná |
| 610 | 2 | 0 | |a Rusko |
| 610 | 2 | 0 | |a Slovensko |
| 610 | 2 | 0 | |a vojna obchodná |
| 610 | 2 | 0 | |a konflikty |
| 610 | 2 | 0 | |a konflikty medzinárodné |
| 610 | 2 | 0 | |a Európska únia |
| 610 | 2 | 0 | |a sankcie |
| 610 | 2 | 0 | |a embargo |
| 610 | 2 | 0 | |a indexy |
| 610 | 2 | 0 | |a analýza empirická |
| 610 | 2 | 0 | |a prognózy |
| 100 | 1 | |a Kašťáková, Elena, 1974- | |
| 700 | 1 | |a Žatko, Matúš, 1991- | |